000 01188cam a2200385 4500
001 21295
003 VRT
005 20260226112437.0
008 230602s2023 xo gr 000 f slo
015 _aSNBA2023/06
020 _a9788056911280
_q(viazaná)
039 9 _a202306200707
_bmsnk24
_c202306190830
_dmsnk24
040 _aSNK
_bslo
_cSNK
_erda
041 0 _aslo
044 _axo
_cSK
072 7 _a821.162.4-3
_xSlovenská próza
_2konspekt
080 _a821.162.4-31
_22011
080 _a(0:82-312.5)
_22011
100 1 _aMüllerová, Jana
_4aut
245 1 0 _aDobrá milenka
_cJana Müllerová
250 _a1. vydanie
264 1 _aBratislava
_bMarenčin PT
_c2023
300 _a190 strán
_c21 cm
336 _atext
_btxt
_2rdacontent
337 _abez média
_bn
_2rdamedia
338 _azväzok
_bnc
_2rdacarrier
655 7 _aslovenské romány
_2SNKPH
655 7 _aSlovak fiction
_2SNKPHeng
655 7 _aLove novels
_2SNKPHeng
655 7 _aľúbostné romány
_2SNKPH
942 _2ddc
_cKLDO
_n0
949 _617A1529684
_asnkSC 202423
_bsnk2023/8865
_o706/23
949 _617A1529685
_asnkSC 202423 D1
_bsnk2023/8866
_o706/23
999 _c21295
_d21295